25 Countries with the Best Water Quality - Statistics

General Stats
  • This quiz has been taken 77 times
  • The average score is 22 of 25
Answer Stats
Water Quality Answer % Correct
97.4 Denmark
97%
100.0 Finland
97%
100.0 Iceland
97%
100.0 Norway
97%
98.6 Sweden
97%
93.6 Belgium
95%
100.0 U.K.
95%
88.1 Canada
94%
96.3 France
94%
98.3 Italy
94%
96.9 Spain
94%
99.1 Germany
92%
100.0 Netherlands
92%
100.0 Switzerland
92%
97.4 Ireland
91%
95.1 Japan
91%
94.7 Austria
89%
87.1 Australia
88%
98.2 Greece
88%
98.7 Luxembourg
88%
90.8 South Korea
88%
93.3 Singapore
68%
99.8 Malta
53%
92.9 Israel
47%
94.0 Cyprus
42%
No matching quizzes found
Score Distribution
Percent of People with Each Score
Percentile by Number Answered
Your Score History
You have not taken this quiz